000 00232nam a2200097Ia 4500
008 231207s9999 xx 000 0 und d
082 _a759.95491
_bGHA
100 _aRiaz Ahmad
245 0 _aGhalib : intrpretations
260 _bFerozsons
999 _c13793
_d13793